[Event "Olympiad Women 2024"]
[Site "Budapest HUN"]
[Date "2024.09.18"]
[Round "7.71"]
[White "Moreno Mora, Milaydes Lourdes"]
[Black "Danwe, Maissiri Carole"]
[Result "1/2-1/2"]
[WhiteElo "1694"]
[BlackElo "1456"]
[TimeControl "5400/40+30:1800+30\""]
[EventDate "2024.09.11"]
[Board "2"]
[WhiteFideId "3910512"]
[BlackFideId "16401239"]
[WhiteTeam "Aruba"]
[BlackTeam "Cameroon"]

1. e4 e5 2. Nf3 Nc6 3. d4 exd4 4. Bc4 h6 5. c3 dxc3 6. Nxc3 Bc5 7. Bxf7+
Kxf7 8. Qd5+ Ke8 9. Qh5+ Kf8 10. Qxc5+ Nge7 11. O-O d6 12. Qc4 Ng6 13. Nd5
Be6 14. Qc2 Kf7 15. Bd2 Rf8 16. Rac1 Kg8 17. b4 a6 18. a4 Nge5 19. Nxe5
dxe5 20. Rfd1 Bxd5 21. exd5 Qxd5 22. Bxh6 Nd4 23. Qg6 Qf7 24. Qg4 Qxf2+ 25.
Kh1 Rf7 26. h4 Nf5 27. Bg5 Ne3 28. Bxe3 Qxe3 29. Re1 Qd4 30. Re4 Qf2 31.
Rxe5 Raf8 32. Rg5 Rd8 33. Rh5 Rd4 34. Qc8+ Rf8 35. Qe6+ Rf7 36. Qe8+ Rf8
37. Qe6+ Rf7 38. Qe8+ Rf8 39. Qe6+ Rf7 1/2-1/2

[Event "Olympiad Women 2024"]
[Site "Budapest HUN"]
[Date "2024.09.18"]
[Round "7.71"]
[White "Tchouateu, Tankeu Stephanie"]
[Black "Aponte, Samantha"]
[Result "1-0"]
[WhiteElo "1565"]
[BlackElo "1454"]
[TimeControl "5400/40+30:1800+30\""]
[EventDate "2024.09.11"]
[Board "3"]
[WhiteFideId "16400470"]
[BlackFideId "15901106"]
[WhiteTeam "Cameroon"]
[BlackTeam "Aruba"]

1. d4 d5 2. c4 e6 3. Nc3 Nf6 4. Nf3 Be7 5. Bf4 O-O 6. e3 b6 7. Bd3 c5 8.
O-O Bb7 9. cxd5 exd5 10. Re1 Nc6 11. Bb5 a6 12. Bxc6 Bxc6 13. Ne5 Rc8 14.
b3 cxd4 15. exd4 Bb4 16. Re3 Re8 17. a3 Bd6 18. h3 Bb7 19. b4 Ne4 20. Nxe4
dxe4 21. Qb3 Bxe5 22. dxe5 Re6 23. Rd1 Qe8 24. Rd6 Rc6 25. Qd1 Qc8 26. Rd8+
Re8 27. Rxc8 Rexc8 28. Rxe4 Rc1 29. Bxc1 Bxe4 30. Qd7 Rxc1+ 31. Kh2 h6 32.
Qe8+ Kh7 33. Qxf7 Ra1 34. Qf4 Bg6 35. Qe3 1-0

[Event "Olympiad Women 2024"]
[Site "Budapest HUN"]
[Date "2024.09.18"]
[Round "7.72"]
[White "Pg Hj Janudin, Dk Siti Haziqah"]
[Black "Nihaya, Ahmed"]
[Result "0-1"]
[WhiteElo "1711"]
[BlackElo "1589"]
[TimeControl "5400/40+30:1800+30\""]
[EventDate "2024.09.11"]
[Board "1"]
[WhiteFideId "10503188"]
[BlackFideId "16700414"]
[WhiteTeam "Brunei Darussalam"]
[BlackTeam "Maldives"]

1. d4 d5 2. c4 c6 3. cxd5 cxd5 4. Nc3 Nf6 5. Nf3 Nc6 6. Bf4 a6 7. e3 Bg4 8.
Be2 e6 9. O-O Be7 10. a3 h6 11. Qc2 Bf5 12. Bd3 Bxd3 13. Qxd3 O-O 14. Rfe1
Qd7 15. e4 dxe4 16. Nxe4 Rfd8 17. Rad1 Nxe4 18. Qxe4 Qd5 19. Re3 Rd7 20.
Ne5 Nxe5 21. Bxe5 Rad8 22. Qg4 f6 23. Rg3 g5 24. Qh5 Qe4 25. Qxh6 fxe5 26.
Qxe6+ Kg7 27. Rh3 Bf6 28. Rf3 Rd6 29. Qh3 g4 30. Rg3 Rxd4 31. Qxg4+ Qxg4
32. Rxg4+ Rxg4 33. Rxd8 Bxd8 34. h3 Rc4 35. Kf1 Rc1+ 36. Ke2 Rc2+ 37. Kf3
Rxb2 38. Ke4 Rxf2 39. g4 Re2+ 40. Kf5 e4 41. g5 e3 42. h4 Rh2 0-1

[Event "Olympiad Women 2024"]
[Site "Budapest HUN"]
[Date "2024.09.18"]
[Round "7.72"]
[White "Redzuan, Nur Ainul Mardhiah"]
[Black "Aishath, Iva Hassan"]
[Result "0-1"]
[WhiteElo "1481"]
[BlackElo "1422"]
[TimeControl "5400/40+30:1800+30\""]
[EventDate "2024.09.11"]
[Board "3"]
[WhiteFideId "10502882"]
[BlackFideId "16701127"]
[WhiteTeam "Brunei Darussalam"]
[BlackTeam "Maldives"]

1. e4 c6 2. d4 d5 3. Nc3 dxe4 4. Nxe4 Nf6 5. Ng3 e5 6. c3 exd4 7. cxd4 c5
8. Nf3 cxd4 9. Nxd4 Bc5 10. Be3 Qa5+ 11. Bd2 Qb6 12. Bc3 O-O 13. Bc4 Nc6
14. Nge2 Rd8 15. Qd2 Bxd4 16. Nxd4 Nxd4 17. Bxd4 Qxd4 18. Qxd4 Rxd4 19. b3
Bf5 20. O-O Rad8 21. Rac1 g6 22. h3 Bd3 23. Bxd3 Rxd3 24. Rfe1 Rd2 25. Rc7
Rd1 26. Kf1 Rxe1+ 27. Kxe1 Rd7 28. Rc3 Kg7 29. a4 Ne4 30. Re3 Nc5 31. a5
Rd6 32. b4 Nd3+ 33. Ke2 Nxb4 34. Rb3 Rd4 35. Ke3 Rc4 0-1

[Event "Olympiad Women 2024"]
[Site "Budapest HUN"]
[Date "2024.09.18"]
[Round "7.72"]
[White "Aini, Munthazim"]
[Black "Zakaria, Liyana"]
[Result "1/2-1/2"]
[WhiteElo "1536"]
[BlackElo "1520"]
[TimeControl "5400/40+30:1800+30\""]
[EventDate "2024.09.11"]
[Board "4"]
[WhiteFideId "16702565"]
[BlackFideId "10502858"]
[WhiteTeam "Maldives"]
[BlackTeam "Brunei Darussalam"]

1. e4 d6 2. d4 Nf6 3. Nc3 Nbd7 4. f4 e5 5. Nf3 exd4 6. Qxd4 c6 7. a4 d5 8.
e5 Bc5 9. Qd2 Ng4 10. Nd4 Nb6 11. b3 Qe7 12. a5 Bxd4 13. Qxd4 Nd7 14. Be2
Nh6 15. g4 Qh4+ 16. Qf2 Qxf2+ 17. Kxf2 Nc5 18. h3 O-O 19. b4 Ne4+ 20. Nxe4
dxe4 21. Ke3 Be6 22. f5 Bd5 23. c4 Rac8 24. cxd5 cxd5 25. Kd4 Rc2 26. Bf1
Rd8 27. Bg5 f6 28. exf6 Nf7 29. Be3 Rb2 30. Kc5 Rc2+ 31. Kd4 Rb2 32. b5
gxf6 33. Rg1 Ne5 34. Kc3 Rh2 35. Rd1 Rc8+ 36. Kb4 Rb2+ 37. Ka3 Rcc2 38. Bd4
Ra2+ 39. Kb3 Nf3 40. Rg3 Nxd4+ 41. Rxd4 Rab2+ 42. Ka4 Rc1 43. Ka3 Rf2 44.
Bg2 Rcc2 45. Bxe4 dxe4 46. Rxe4 Ra2+ 47. Kb4 Rfb2+ 48. Rb3 Rxb3+ 49. Kxb3
Rxa5 50. Kb4 b6 51. h4 h6 52. Re6 Kf7 53. Rc6 Ra1 54. Rc7+ Kg8 55. Rd7 a6
56. bxa6 Rxa6 57. Kb5 Ra1 58. Kxb6 Re1 59. Rd6 Kf7 60. Kc7 Re4 61. g5 hxg5
62. hxg5 fxg5 63. Rg6 g4 64. Kd6 g3 65. Rxg3 Kf6 66. Rg8 Kxf5 67. Rf8+ Kg6
68. Kd5 Re1 69. Rf4 Kg5 70. Re4 Rxe4 71. Kxe4 1/2-1/2